<?xml version="1.0" encoding="UTF-8"?>
<record
    xmlns:xsi="http://www.w3.org/2001/XMLSchema-instance"
    xsi:schemaLocation="http://www.loc.gov/MARC21/slim http://www.loc.gov/standards/marcxml/schema/MARC21slim.xsd"
    xmlns="http://www.loc.gov/MARC21/slim">

  <leader>04167nam a22003255i 4500</leader>
  <datafield tag="999" ind1=" " ind2=" ">
    <subfield code="c">27125</subfield>
    <subfield code="d">27097</subfield>
  </datafield>
  <controlfield tag="003">OSt</controlfield>
  <controlfield tag="005">20190212142347.0</controlfield>
  <controlfield tag="008">190212r20112010enka|||frb||| 001 0 eng d</controlfield>
  <datafield tag="020" ind1=" " ind2=" ">
    <subfield code="a">9780863564574</subfield>
  </datafield>
  <datafield tag="020" ind1=" " ind2=" ">
    <subfield code="a">0863564577</subfield>
  </datafield>
  <datafield tag="040" ind1=" " ind2=" ">
    <subfield code="a">EG-ScBUE </subfield>
    <subfield code="b">eng</subfield>
    <subfield code="c">EG-ScBUE </subfield>
  </datafield>
  <datafield tag="082" ind1="0" ind2="4">
    <subfield code="2">22</subfield>
    <subfield code="a">305.2350956	</subfield>
    <subfield code="b">ARA</subfield>
  </datafield>
  <datafield tag="245" ind1="0" ind2="0">
    <subfield code="a">Arab youth :</subfield>
    <subfield code="b">social mobilization in times of risk /</subfield>
    <subfield code="c">edited by Samir Khalaf, Roseanne Saad Khalaf</subfield>
  </datafield>
  <datafield tag="264" ind1=" " ind2="1">
    <subfield code="a">London :</subfield>
    <subfield code="b">Saqi, </subfield>
    <subfield code="c">2011.</subfield>
  </datafield>
  <datafield tag="300" ind1=" " ind2=" ">
    <subfield code="a">415 pages :</subfield>
    <subfield code="b">illustrations ;</subfield>
    <subfield code="c">24 cm.</subfield>
  </datafield>
  <datafield tag="336" ind1=" " ind2=" ">
    <subfield code="2">rdacontent</subfield>
    <subfield code="a">txt </subfield>
  </datafield>
  <datafield tag="337" ind1=" " ind2=" ">
    <subfield code="2">rdamedia</subfield>
    <subfield code="a">unmediated </subfield>
  </datafield>
  <datafield tag="338" ind1=" " ind2=" ">
    <subfield code="2">rdacarrier</subfield>
    <subfield code="a">volume </subfield>
  </datafield>
  <datafield tag="500" ind1=" " ind2=" ">
    <subfield code="a">Includes index.</subfield>
  </datafield>
  <datafield tag="504" ind1=" " ind2=" ">
    <subfield code="a">Bibliography : p.391-407.</subfield>
  </datafield>
  <datafield tag="505" ind1=" " ind2=" ">
    <subfield code="a">pt. 1. Youth as a social category. Youth as a social category and as a social process / Johanna Wyn --
Reclaiming youthfulness / Asef Bayat --
The negotiation of waithood : the political economy of delayed marriage in Egypt / Diane Singerman --
The demographic youth bulge and social rupture / Youssef Courbage -- 
pt. 2. Negotiating identity in times of risk. Social learning and community participation : youth at risk in two marginalized urban neighborhoods in Amman, Jordan / Curtis N. Rhodes, Jr., Haytham A. Mihyar, and Ghada Abu El-Rous --
Saudi youth : initiative and inertia / Mai Yamani --
Between silences and screams : the Lebanese postmemory experience / Craig Larkin --
pt. 3. Representation and self-perception. The politics of fun in the Islamic Republic of Iran : re-creation of recreation / Pardis Mahdavi --
Idealistic and indignant young Lebanese / Roseanne Saad Khalaf --
In good times or bad? : discourse on the national identity of Lebanese upper class youth / Nicolien Kegels --
pt. 4. Militancy and street violence. Male gender and rituals of resistance in Palestinian intifada : a cultural politics of violence / Julie Peteet --
Revenge of the wretched : Islam and violence in the Bab al Tabaneh neighborhood of Tripoli / Mohammad Abi Samra --
Neighborhood violence among youth gangs in the southern suburbs of Beirut (Chiah) / Fidel Sbeity --
pt. 5. Voluntarism and civil society. Uniforms and salutes : fascism and youth politics in Syria and Lebanon under French rule / Jennifer Dueck --
Youth networks, space, and political mobilization : Lebanon's independence intifada / Christian Gahre --
pt. 6. Popular culture and music. Sanctioned pleasures : youth negotiations of leisure sites and morality in al-Dahiya / Lara Deeb and Mona Harb --
European Muslim youth : towards a cool Islam? / Miriam Gazzah --
Music consumption and the navigation of identities : transnational Moroccan youth in Britain / Carolyn Landau --
Scratch the past--this is our soundtrack : hip-hop in Lebanon / Angie Nassar.</subfield>
  </datafield>
  <datafield tag="520" ind1=" " ind2=" ">
    <subfield code="a">In 2011, thousands of Arab youth took to the streets to demand their freedom. Although it is too early to speculate on the ultimate outcome of the revolutionary uprisings, one auspicious feature stands out: they reveal the genesis of a new generation sparked by the desire for civil liberties, advocacy for human rights and participatory democracy. Arab Youth explores some of the antecedents of the upheavals and anticipates alternative venues of resistance that marginalized youth, from Lebanon, Syria and Palestine to Saudi Arabia, Morocco and Iran, can mobilize to realize their emancipatory expectations. Themes covered in this unique volume include the forging of meaningful collective identities in times of risk and uncertainty; youth militancy, neighborhood violence and youth gangs in distinct urban and suburban settings; the surge of youthful activism in political movements, advocacy groups and welfare civic associations; and youths expressive outlets through popular arts, street music and popular culture.  </subfield>
  </datafield>
  <datafield tag="650" ind1=" " ind2="7">
    <subfield code="2">BUEsh</subfield>
    <subfield code="9">41984</subfield>
    <subfield code="a">Youth </subfield>
    <subfield code="z">Middle East.</subfield>
    <subfield code="x">Political activity.</subfield>
  </datafield>
  <datafield tag="650" ind1=" " ind2="7">
    <subfield code="2">BUEsh</subfield>
    <subfield code="9">41985</subfield>
    <subfield code="a">Youth </subfield>
    <subfield code="z">Middle East </subfield>
    <subfield code="x">Social conditions.</subfield>
  </datafield>
  <datafield tag="651" ind1=" " ind2="7">
    <subfield code="2">BUEsh</subfield>
    <subfield code="9">22790</subfield>
    <subfield code="a">Middle East</subfield>
    <subfield code="x">Politics and government</subfield>
    <subfield code="y">21st century.</subfield>
  </datafield>
  <datafield tag="653" ind1=" " ind2=" ">
    <subfield code="b">BUSBOL</subfield>
    <subfield code="c">February2019</subfield>
  </datafield>
  <datafield tag="700" ind1="1" ind2=" ">
    <subfield code="9">41986</subfield>
    <subfield code="a">Khalaf, Samir,</subfield>
    <subfield code="e">editor.</subfield>
  </datafield>
  <datafield tag="700" ind1="1" ind2=" ">
    <subfield code="9">41987</subfield>
    <subfield code="a">Khalaf, Roseanne Saad,</subfield>
    <subfield code="e">editor.</subfield>
  </datafield>
  <datafield tag="942" ind1=" " ind2=" ">
    <subfield code="2">ddc</subfield>
    <subfield code="c">BB</subfield>
  </datafield>
  <datafield tag="952" ind1=" " ind2=" ">
    <subfield code="0">0</subfield>
    <subfield code="1">0</subfield>
    <subfield code="2">ddc</subfield>
    <subfield code="4">0</subfield>
    <subfield code="7">0</subfield>
    <subfield code="8">MERIC</subfield>
    <subfield code="a">MAIN</subfield>
    <subfield code="b">MAIN</subfield>
    <subfield code="c">1ST</subfield>
    <subfield code="d">2019-02-12</subfield>
    <subfield code="e">Purchase</subfield>
    <subfield code="g">168.15</subfield>
    <subfield code="h">000292</subfield>
    <subfield code="l">0</subfield>
    <subfield code="o">305.2350956 ARA</subfield>
    <subfield code="p">000044198</subfield>
    <subfield code="r">2025-07-15 00:00:00</subfield>
    <subfield code="w">2019-02-12</subfield>
    <subfield code="y">BB</subfield>
  </datafield>
</record>
